Flagowe hipersamochody Ferrari - Statystyki

Ogólne statystyki
  • Ten quiz został rozwiązany 26 razy
  • Średni wynik to 6 z 7
Statystyki odpowiedzi
Produkcja Model % Poprawnych
2013-2018 LaFerrari
100%
1962-1964 250 GTO
94%
2002-2004 Enzo
94%
1987-1992 F40
94%
1995-1997 F50
88%
ok.2027 F80
76%
1984-1985 288 GTO
41%
Nie znaleziono quizów pasujących do podanych kryteriów
Rozkład punktacji
Procent ludzi z każdym wynikiem
Percentyl według liczby udzielonych odpowiedzi
Twoja historia wyników
Nie rozwiązałeś tego quizu